| 000 | 01424nam a22003375a 4500 | ||
|---|---|---|---|
| 008 | 110517t1999 txua frb 001 0 eng d | ||
| 010 | _a 97038110 | ||
| 020 | _a0884158217 (v. 1 : alk. paper) | ||
| 020 | _a0884158225 (v. 2 : alk. paper) | ||
| 020 | _a9780884158226 (v. 2 : alk. paper) | ||
| 040 |
_aEG-ScBUE _beng _cEG-ScBUE |
||
| 082 | 0 | 4 |
_a665.7 _bARN _222 |
| 100 | 1 |
_aArnold, Ken, _923874 |
|
| 245 | 1 | 0 |
_aSurface Production Operations / _cKen Arnold, Maurice Stewart. _nVOL.2 . _pDesign of gas-handling systems and facilities, |
| 250 | _a2nd ed. | ||
| 260 |
_aHouston, Tex. : _bGulf Professional pub. , _cc.1999. |
||
| 300 |
_a2 v. : _bill. ; _c24 cm. |
||
| 500 | _aIndexes. | ||
| 504 | _aIncludes bibliographical references. | ||
| 505 | 0 | _av. 1. Design of Oil-Handling Systems and Facilities -- v. 2. Design of Gas-Handling Systems and Facilities. | |
| 590 | _aMenna Elemam | ||
| 650 | 0 |
_aPetroleum engineering _xEquipment and supplies. _923875 _2BUEsh |
|
| 650 | 0 |
_aOil fields _xEquipment and supplies. _923876 _2BUEsh |
|
| 650 | 0 |
_aOil fields _xProduction methods. _923877 _2BUEsh |
|
| 651 | _2BUEsh | ||
| 653 |
_bENGPET _cAugust2015 |
||
| 700 | 1 |
_aStewart, Maurice. _923878 |
|
| 856 | 4 | 1 |
_3Table of contents _uhttp://www.loc.gov/catdir/toc/els051/97038110.html |
| 856 | 4 | 1 |
_3Publisher description _uhttp://www.loc.gov/catdir/description/els032/97038110.html |
| 942 |
_cNB _k665.7 ARN _2ddc |
||
| 999 |
_c6257 _d6257 |
||